Yo acuso a la economía triunfante /

La historia ya nos ha enseñado hasta qué punto son peligrosos los integrismos. El integrismo económico, el economicismo, puede ser uno de los más devastadores. Albert Jacquard, biólogo eminente, especialista de fama mundial en genética, utiliza su disciplina científica para encarar lo que estima una...

Full description

Bibliographic Details
Main Author: Jacquard, Albert
Format: Libro
Language:Spanish
Published: Santiago, Chile Andrés Bello 1996
Edition:1a. ed.
Subjects:
Online Access:

MARC

LEADER 00000cam a2200000 a 4500
001 010720
003 UAHC_CL
005 20170803120715.0
008 090225s1996 cl 000 spa
020 |a 9561314436 
040 |a UAHC_CL  |c UAHC_CL  |d UAHC_CL 
082 0 4 |a 338.9  |b J19  |2 20 
100 1 |a Jacquard, Albert 
245 1 0 |a Yo acuso a la economía triunfante /  |c Albert Jacquard ; [traducción Pilar Donoso]. 
250 |a 1a. ed. 
260 |b Andrés Bello  |a Santiago, Chile  |c 1996 
300 |a 165 p. 
520 |a La historia ya nos ha enseñado hasta qué punto son peligrosos los integrismos. El integrismo económico, el economicismo, puede ser uno de los más devastadores. Albert Jacquard, biólogo eminente, especialista de fama mundial en genética, utiliza su disciplina científica para encarar lo que estima una evolución peligrosísima. "Este es un libro breve que conviene tener siempre en la mesita de noche. Para recordar, de vez en cuando, en qué estamos y, quizás, hacia donde vamos". Joëlle Fabre, Lausanne Auflage. 
521 |a Economía y sociedad 
650 4 |a POLITICA ECONOMICA 
650 4 |a HISTORIA ECONOMICA  |y SIGLO 20 
653 |a PSICOLOGIA 
658 |a Lira, Francisco 
900 |a 338.9 JAC 
942 |c BK 
952 |0 0  |1 0  |4 0  |6 338_900000000000000_JAC  |7 0  |8 General  |9 21949  |a BC  |b BC  |c General  |d 2017-08-03  |l 0  |o 338.9 JAC  |p 1368473  |r 2026-01-13 00:00:00  |t 1  |w 2017-08-03  |y BK 
952 |0 0  |1 0  |4 0  |6 338_900000000000000_JAC  |7 0  |8 General  |9 21950  |a BC  |b BC  |c General  |d 2017-08-03  |l 0  |o 338.9 JAC  |p 1368474  |r 2026-01-13 00:00:00  |t 2  |w 2017-08-03  |y BK 
952 |0 0  |1 0  |4 0  |6 338_900000000000000_JAC  |7 0  |8 General  |9 21951  |a BC  |b BC  |c General  |d 2017-08-03  |l 0  |o 338.9 JAC  |p 1368475  |r 2026-01-13 00:00:00  |t 3  |w 2017-08-03  |y BK 
999 |c 10720  |d 10720